The brilliant death. #1 / Amy Rose Capetta.
Available copies
- 3 of 3 copies available at LARL/NWRL Consortium. (Show)
- 2 of 2 copies available at Lake Agassiz Regional Library.
Current holds
0 current holds with 3 total copies.
Show Only Available Copies
| Location | Call Number / Copy Notes | Barcode | Shelving Location | Status | Due Date |
|---|---|---|---|---|---|
| Crookston Public Library | Y CAP (Text) | 33500012827697 | Main | Available | - |
| Detroit Lakes Public Library | Y CAP (Text) | 33500012827705 | Main | Available | - |
Record details
- ISBN: 9780451478443
- ISBN: 0451478444
- Physical Description: 330 page : illustrations ; 22 cm
- Publisher: New York : Viking Childrens Books, 2018.
Content descriptions
| Summary, etc.: | A young shapeshifter has to learn to control her ... Read More |
Search for related items by subject
| Subject: | Shapeshifting > Fiction. Magic > Fiction. Fantasy. |
Search for related items by series
| LDR | 00975nam a2200301Ii 4500 | ||
|---|---|---|---|
| 001 | 304289 | ||
| 003 | LARL_NWRL_CONSORTIUM | ||
| 005 | 20200207203045.0 | ||
| 008 | 181019s2018 nyua j 000 1 eng d | ||
| 010 | . | ‡abl2018187300 | |
| 020 | . | ‡a9780451478443 | |
| 020 | . | ‡a0451478444 | |
| 035 | . | ‡a(OCoLC)1057409883 | |
| 040 | . | ‡aNjBwBT ‡cOQX ‡dOQX ‡dGZD | |
| 082 | 0 | 4. | ‡a[Fic] ‡223 |
| 099 | . | ‡aFIC | |
| 100 | 1 | . | ‡aCapetta, Amy Rose, ‡eauthor. |
| 245 | 1 | 4. | ‡aThe brilliant death. ‡n#1 / ‡cAmy Rose Capetta. |
| 264 | 1. | ‡aNew York : ‡bViking Childrens Books, ‡c2018. | |
| 300 | . | ‡a330 page : ‡billustrations ; ‡c22 cm | |
| 336 | . | ‡atext ‡2rdacontent | |
| 337 | . | ‡aunmediated ‡2rdamedia | |
| 338 | . | ‡avolume ‡2rdacarrier | |
| 490 | 0 | . | ‡aStrega ; ‡v1 |
| 520 | . | ‡aA young shapeshifter has to learn to control her powers, while simultaneously using them to disguise herself as a boy and confront the people who murdered her father. | |
| 650 | 0. | ‡aShapeshifting ‡vFiction. | |
| 650 | 0. | ‡aMagic ‡vFiction. ‡0(LARL_NWRL_CONSORTIUM)165984 | |
| 650 | 0. | ‡aFantasy. ‡0(LARL_NWRL_CONSORTIUM)178184 | |
| 901 | . | ‡a304289 ‡b ‡c304289 ‡tbiblio | |

Add to basket
Permalink
Enable Highlighting